| 000 | 00358nam a22001457a 4500 | ||
|---|---|---|---|
| 020 | _a8178085658 | ||
| 040 | _cNUST | ||
| 082 | _a621.3815324 HAY | ||
| 100 | _aHaykin, Simon | ||
| 245 | _aAdaptive Filter Theory: | ||
| 250 | _aFourth Edition | ||
| 260 |
_aDelhi: _bPearson Education, _c2002. |
||
| 650 |
_aAdaptive Filter Theory _963570 |
||
| 942 |
_2ddc _cBK |
||
| 999 |
_c595614 _d595614 |
||